| 000 | 00419pab a2200157 454500 | ||
|---|---|---|---|
| 008 | 180718b1983 xxu||||| |||| 00| 0 eng d | ||
| 100 | _aSingh, J. | ||
| 245 | _aA study on foodgrain looses in storage in Aligarh district | ||
| 260 | _c1983 | ||
| 300 | _a479-84 | ||
| 362 | _aOct. | ||
| 650 | _aFarm Produce - Storage - India - U.P | ||
| 700 | _aD.V.S.Rao | ||
| 773 | _aAgricultural Situation in India | ||
| 909 | _a8183 | ||
| 999 |
_c8183 _d8183 |
||